00369nam a2200133Ia 4500008004100000020001500041041001200056082001600068100001800084245005300102260005100155300000800206650002100214221030s9999 xx 000 0 und d a8188930008 aEnglish a105.23bSye aPankaj Sharma 0aIntroduction to Web Technologycby Pankaj Sharma bJay Kay Law Reporter Rehari JammuaIndiac2004 a458 aCSE Departmental